Năm tháng dâng người hồi ký

Là tập hồi ký của một người hoạt động vận động và tổ chức thanh niên miền Trung, đặc biệt là thanh niên hai thành phố lớn Đà Nẵng và Huế trong công cuộc kháng chiến chống Mỹ từ năm 1960 1975 (Còn gọi là phong trào đấu tranh của SVHS miền Trung Trung bộ)....

Ful tanımlama

Kaydedildi:
Detaylı Bibliyografya
Yazar: Lê, Công Cơ
Diğer Yazarlar: Lê Công Cơ
Dil:Undetermined
Baskı/Yayın Bilgisi: Tp. Hồ Chí Minh,Đà Nẵng Trẻ,Đại học Duy Tân Đà Nẵng 2013
Konular:
Etiketler: Etiketle
Etiket eklenmemiş, İlk siz ekleyin!
Thư viện lưu trữ: Trung tâm Học liệu Trường Đại học Trà Vinh
LEADER 01015nam a2200241Ia 4500
001 TVU_20949
008 210423s9999 xx 000 0 und d
041 |a Vie 
082 |a 895.9228034 
082 |b C459 
100 |a Lê, Công Cơ 
245 0 |a Năm tháng dâng người 
245 0 |b hồi ký 
245 0 |c Lê Công Cơ 
260 |a Tp. Hồ Chí Minh,Đà Nẵng 
260 |b Trẻ,Đại học Duy Tân Đà Nẵng 
260 |c 2013 
300 |a 490 tr. 
300 |c 20 cm 
520 |a Là tập hồi ký của một người hoạt động vận động và tổ chức thanh niên miền Trung, đặc biệt là thanh niên hai thành phố lớn Đà Nẵng và Huế trong công cuộc kháng chiến chống Mỹ từ năm 1960 1975 (Còn gọi là phong trào đấu tranh của SVHS miền Trung Trung bộ). 
650 |a Sinh viên; Tiểu thuyết tự truyện Việt Nam; Văn học Việt Nam 
700 |a Lê Công Cơ 
980 |a Trung tâm Học liệu Trường Đại học Trà Vinh